000 00208nam a2200097Ia 4500
008 220204s9999 xx 000 0 und d
082 _a82-3
_bMAS
100 _aJohn
245 3 _aAn Indian trilogy
942 _cBK
999 _c30780
_d30780